01376cam a2200373Ii 4500999001700000001001400017003000400031005001700035006001900052008004100071020003400112020003400146020003400180020003000214020003100244024003200275035002100307035002100328040001100349050002500360082002100385245009000406264004400496300003900540490002100579505013600600650003100736650003800767700003300805776005400838830002200892856007500914942001300989 c27561d275619781315724270OSt20240802185343.0a|||||o|||| 00| 0 180706s2016 enka ob 001 0 eng d a9781315724270q(e-book : PDF) a9781317530442q(e-book: Mobi) a9781317530459q(e-book: ePub) z9781138851139q(hardback) z9781138618336q(paperback)7 a10.4324/9781315724270 2doi a(OCoLC)948511802 a(OCoLC)952730480 cimu-kc 4aQH91.75.A1bM34 201604a333.916416bM33800aMarine transboundary conservation and protected areas /cedited by Peter Mackelworth. 1aLondon ;aNew York :bRoutledge,c2016. a1 online resource (xii, 313 pages)1 aEarthscan oceans0 apt. 1. Establishing pathways of influence in the marine conservation context -- pt. 2. Marine transboundary conservation in action. 0aMarine parks and reserves. 0aTransfrontier conservation areas.1 aMackelworth, Peter,eeditor.08iPrint version: z9781138851139w(DLC) 2015045918 0aEarthscan oceans.40uhttps://www.taylorfrancis.com/books/9781315724270zClick here to view. 2ddccEBK